Электропривод высокопроизводительных бумагоделательных машин и особенности электрооборудования импортных поставок; Тезисы докладов третьей научно-технической конференции по вопросам автоматизации производства, 14-16 мая, 1964 г., г. Томск

Dades bibliogràfiques
Parent link:Тезисы докладов третьей научно-технической конференции по вопросам автоматизации производства, 14-16 мая, 1964 г., г. Томск.— 1964.— С. 26
Autor principal: Аблавский М.
Idioma:rus
Publicat: 1964
Matèries:
Format: MixedMaterials Capítol de llibre
KOHA link:https://koha.lib.tpu.ru/cgi-bin/koha/opac-detail.pl?biblionumber=178418

MARC

LEADER 00000naa2a2200000 4500
001 178418
005 20231031165901.0
035 |a (RuTPU)RU\TPU\book\193419 
035 |a RU\TPU\tpu\4543 
090 |a 178418 
100 |a 20100407d1964 k y0rusy50 ca 
101 0 |a rus 
102 |a RU 
200 1 |a Электропривод высокопроизводительных бумагоделательных машин и особенности электрооборудования импортных поставок  |f М. Аблавский 
463 0 |0 (RuTPU)RU\TPU\book\160449  |t Тезисы докладов третьей научно-технической конференции по вопросам автоматизации производства, 14-16 мая, 1964 г., г. Томск  |f Томский политехнический институт (ТПИ); под ред. А. И. Зайцева  |v С. 26  |d 1964  |p 32 с. 
610 1 |a электрические машины 
610 1 |a труды учёных ТПУ 
610 1 |a электропривод 
700 1 |a Аблавский  |b М. 
801 0 |a RU  |b 63413507  |c 20011210  |g PSBO 
801 2 |a RU  |b 63413507  |c 20100407  |g PSBO 
942 |c BK